[Event "EU-ch U12 27th"]
[Site "Mamaia"]
[Date "2017.09.11"]
[Round "6"]
[White "Can, Isik"]
[Black "Kharitonov, Egor"]
[Result "1/2-1/2"]
[WhiteElo "2239"]
[BlackElo "2074"]
[PlyCount "81"]
[EventDate "2017.09.05"]
[EventType "swiss"]
[EventRounds "9"]
[EventCountry "ROU"]
[SourceTitle "CBM 180 Extra"]
[Source "ChessBase"]
[SourceDate "2017.10.06"]
[SourceVersion "1"]
[SourceVersionDate "2017.10.06"]
[SourceQuality "1"]

1. e4 c5 2. Nf3 e6 3. d4 cxd4 4. Nxd4 a6 5. c4 Nf6 6. Nc3 Bb4 7. Qd3 Nc6 8. Nxc6 dxc6 9. Qxd8+ Kxd8 10. e5 Ne4 11. a3 Bxc3+ 12. bxc3 Nxc3 13. Bd2 Na4 14. Bd3 Kc7 15. Rb1 b6 16. Bc2 Nc5 17. Bb4 Nb7 18. a4 a5 19. Ba3 c5 20. 0-0 Nd8 21. Rfd1 Nc6 22. Rd6 Bb7 23. Be4 Rad8 24. f4 Nb4 25. Bxb7 Kxb7 26. Rbd1 Kc7 27. Kf2 Rxd6 28. Rxd6 Rd8 29. Rxd8 Kxd8 30. Kf3 Ke7 31. Ke4 f6 32. Bb2 Nc6 33. Bc3 Kf7 34. g4 Nb8 35. Bb2 Nd7 36. Bc3 fxe5 37. Bxe5 Nxe5 38. fxe5 Kg6 39. h4 Kh6 40. Ke3 g6 41. Ke4 1/2-1/2

[Event "Nezhmetdinov Memorial 39th"]
[Site "Kazan"]
[Date "2017.05.31"]
[Round "1"]
[White "Ovchinnikov, Vsevolod"]
[Black "Kharitonov, Egor"]
[Result "1-0"]
[WhiteElo "2319"]
[BlackElo "1878"]
[PlyCount "69"]
[EventDate "2017.05.31"]
[EventType "swiss"]
[EventRounds "9"]
[EventCountry "RUS"]
[SourceTitle "EXT 2018"]
[Source "ChessBase"]
[SourceDate "2017.10.13"]
[SourceVersion "1"]
[SourceVersionDate "2017.10.13"]
[SourceQuality "1"]

1. d4 d5 2. c4 e6 3. Nf3 c6 4. Nc3 dxc4 5. a4 Bb4 6. e4 b5 7. Bd2 Bb7 8. axb5 Bxc3 9. Bxc3 cxb5 10. d5 Nf6 11. dxe6 Qxd1+ 12. Rxd1 Nxe4 13. Bxg7 Rg8 14. Rd8+ Kxd8 15. exf7 Bd5 16. fxg8Q+ Bxg8 17. Nd4 a6 18. Be2 Ra7 19. Be5 Rd7 20. f4 Ke8 21. 0-0 Rd8 22. Re1 Kf8 23. Bh5 Nc5 24. Bd6+ Rxd6 25. Re8+ Kg7 26. Nf5+ Kh8 27. Nxd6 Nbd7 28. Rc8 Nd3 29. Bf7 Nf6 30. Nf5 Nxb2 31. g4 h6 32. g5 hxg5 33. fxg5 c3 34. gxf6 c2 35. Rxc2 1-0

[Event "Urals-ch 74th"]
[Site "Khanty-Mansiysk"]
[Date "2016.03.30"]
[Round "8"]
[White "Varivoda, Anatoly"]
[Black "Kharitonov, Egor"]
[Result "0-1"]
[WhiteElo "1781"]
[BlackElo "1752"]
[PlyCount "114"]
[EventDate "2016.03.23"]
[EventType "swiss"]
[EventRounds "9"]
[EventCountry "RUS"]
[SourceTitle "CBM 171 Extra"]
[Source "ChessBase"]
[SourceDate "2016.04.26"]
[SourceVersion "1"]
[SourceVersionDate "2016.04.26"]
[SourceQuality "1"]

1. d4 d5 2. Nf3 e6 3. e3 Nf6 4. a3 Nbd7 5. Bd3 Bd6 6. h3 c6 7. c4 0-0 8. c5 Bc7 9. 0-0 e5 10. Be2 e4 11. Nfd2 Re8 12. f4 exf3 13. Nxf3 Ne4 14. Bd3 Ndf6 15. Nc3 Bf5 16. Ng5 Bg6 17. Bxe4 Nxe4 18. Ngxe4 Bxe4 19. Nxe4 Rxe4 20. Qf3 Qe7 21. Bd2 Re8 22. Rae1 Bb8 23. Rf2 Qc7 24. g4 Qg3+ 25. Kf1 f6 26. Ree2 Qh4 27. Qg2 Qg3 28. Qxg3 Bxg3 29. Rf3 Bh4 30. Rf4 R4e6 31. b4 Bg5 32. Rf3 Re4 33. Kf2 h5 34. gxh5 Rh4 35. Kg2 Rxh5 36. Rg3 Kf7 37. Rf2 Bh4 38. Rff3 Bxg3 39. Rxg3 Re4 40. a4 a6 41. a5 f5 42. Rf3 Ke6 43. Rf4 Rh4 44. Rxh4 Rxh4 45. Kg3 Re4 46. Kf3 g5 47. Bc1 Kf6 48. Bd2 Kg6 49. Be1 f4 50. Bf2 fxe3 51. Bxe3 Kh5 52. Bf2 Rf4+ 53. Kg3 Rxf2 54. Kxf2 Kh4 55. Kg2 g4 56. hxg4 Kxg4 57. Kf2 Kf4 0-1

[Event "Urals-ch 74th"]
[Site "Khanty-Mansiysk"]
[Date "2016.03.28"]
[Round "6"]
[White "Kharitonov, Egor"]
[Black "Sabirov, Timur"]
[Result "1/2-1/2"]
[WhiteElo "1752"]
[BlackElo "1823"]
[PlyCount "107"]
[EventDate "2016.03.23"]
[EventType "swiss"]
[EventRounds "9"]
[EventCountry "RUS"]
[SourceTitle "CBM 171 Extra"]
[Source "ChessBase"]
[SourceDate "2016.04.26"]
[SourceVersion "1"]
[SourceVersionDate "2016.04.26"]
[SourceQuality "1"]

1. d4 d5 2. c4 e6 3. Nc3 Nf6 4. cxd5 exd5 5. Bg5 Be7 6. Qc2 Nbd7 7. e3 h6 8. Bh4 0-0 9. Bd3 b6 10. Nf3 Bb7 11. 0-0 c5 12. Rac1 a6 13. Qe2 c4 14. Bb1 b5 15. a3 Qb6 16. Ne5 Rfe8 17. Qc2 Nf8 18. Qf5 g6 19. Qf3 Rad8 20. Bc2 N8d7 21. Nxd7 Rxd7 22. Bg3 Bf8 23. Be5 Bg7 24. Qh3 Rde7 25. Bd1 Nh7 26. Bxg7 Kxg7 27. Qg3 Nf6 28. Bf3 a5 29. h3 b4 30. Na4 Qb5 31. Nc5 Bc8 32. Qd6 Be6 33. Ra1 b3 34. Rac1 Ra7 35. Rfd1 a4 36. Rc3 Raa8 37. Rcc1 Rad8 38. Qf4 Nd7 39. Nxd7 Rxd7 40. Bg4 Bxg4 41. Qxg4 Rc7 42. Rc3 Re4 43. Qg3 Rce7 44. Qf3 Qe8 45. Rd2 f5 46. g3 Qf8 47. h4 Qf6 48. Rd1 g5 49. hxg5 Qxg5 50. Kg2 h5 51. Rh1 h4 52. Rh3 Kf6 53. Rc1 Re8 54. Rch1 1/2-1/2

[Event "Urals-ch 74th"]
[Site "Khanty-Mansiysk"]
[Date "2016.03.27"]
[Round "5"]
[White "Amursakov, Vasily"]
[Black "Kharitonov, Egor"]
[Result "0-1"]
[WhiteElo "1789"]
[BlackElo "1752"]
[PlyCount "162"]
[EventDate "2016.03.23"]
[EventType "swiss"]
[EventRounds "9"]
[EventCountry "RUS"]
[SourceTitle "CBM 171 Extra"]
[Source "ChessBase"]
[SourceDate "2016.04.26"]
[SourceVersion "1"]
[SourceVersionDate "2016.04.26"]
[SourceQuality "1"]

1. d4 d5 2. c4 e6 3. Nc3 c6 4. e3 Nf6 5. Nf3 Nbd7 6. Bd3 dxc4 7. Bxc4 b5 8. Bb3 a6 9. 0-0 c5 10. d5 exd5 11. Nxd5 Bb7 12. e4 c4 13. Bc2 Bc5 14. Bg5 h6 15. Bh4 Bxd5 16. exd5 0-0 17. Qd2 Qb6 18. Rad1 Rfe8 19. Bb1 a5 20. Qc2 Nf8 21. Qf5 Ng6 22. Bg3 Bd6 23. Nh4 Bxg3 24. hxg3 Re5 25. Qf3 Nxh4 26. gxh4 Qd6 27. Qg3 Rd8 28. Qc3 a4 29. b3 cxb3 30. axb3 axb3 31. Qxb3 Rxd5 32. Rxd5 Qxd5 33. Qc2 b4 34. Ba2 Qd4 35. g3 Qc3 36. Qb1 Ng4 37. Qf5 Ne5 38. Bb1 g6 39. Qf4 Kg7 40. Kg2 Qd4 41. Qc1 Qd5+ 42. Kh3 Qe6+ 43. Kg2 Qf6 44. Qe3 Rc8 45. Re1 Nc4 46. Qe2 Qb2 47. Qg4 Rc5 48. h5 Re5 49. Rxe5 Nxe5 50. Qe4 b3 51. hxg6 Nxg6 52. Qf5 Qc3 53. Kh3 Qe1 54. Be4 Qg1 55. Qc5 Qd1 56. Kh2 Qe2 57. Qd4+ Kh7 58. Bd5 b2 59. Ba2 Qc2 60. Qb6 Ne5 61. Kg2 Qe4+ 62. Kf1 Nd3 63. Kg1 Nb4 64. Qf6 b1R+ 65. Bxb1 Qxb1+ 66. Kh2 Qg6 67. Qd4 Nc6 68. Qc5 Nd8 69. f4 Ne6 70. Qe5 Ng7 71. Qe7 Nf5 72. Qe1 Qg4 73. Qf2 h5 74. Qe1 h4 75. gxh4 Qxh4+ 76. Qxh4+ Nxh4 77. Kg3 Nf5+ 78. Kg4 Kg6 79. Kf3 Nd6 80. Kg4 f6 81. Kg3 Kf5 0-1

[Event "Vladivostok City at Sea-A"]
[Site "Vladivostok"]
[Date "2009.07.28"]
[Round "4"]
[White "Kharitonov, Egor"]
[Black "Petrov, Ivan2222"]
[Result "1-0"]
[WhiteElo "2349"]
[BlackElo "2204"]
[PlyCount "65"]
[EventDate "2009.07.25"]
[EventType "tourn"]
[EventRounds "9"]
[EventCountry "RUS"]
[EventCategory "3"]
[SourceTitle "EXT 2022"]
[Source "ChessBase"]
[SourceDate "2021.10.06"]
[SourceVersion "1"]
[SourceVersionDate "2021.10.06"]
[SourceQuality "1"]

1. Nf3 Nf6 2. g3 g6 3. d4 Bg7 4. c4 0-0 5. Bg2 d6 6. 0-0 Nbd7 7. Qc2 e5 8. Rd1 Re8 9. Nc3 c6 10. e4 Qc7 11. b3 a5 12. dxe5 dxe5 13. Na4 Bf8 14. c5 b5 15. cxb6 Nxb6 16. Nxb6 Qxb6 17. Be3 Qc7 18. h3 Bb7 19. Nd2 Rad8 20. Nc4 Nd7 21. Rac1 Rb8 22. Qd2 Nc5 23. Qxa5 Qxa5 24. Nxa5 Na6 25. Bf1 Bc8 26. Nxc6 Ra8 27. Kh2 Be6 28. Bc4 Ba3 29. Rc2 Bc8 30. Rd5 Bb7 31. Rd7 Bxc6 32. Bxf7+ Kh8 33. Rxc6 1-0

[Event "DV FR-chT"]
[Site "Vladivostok"]
[Date "2007.10.04"]
[Round "6"]
[White "Anop, Alexey"]
[Black "Kharitonov, Egor"]
[Result "1/2-1/2"]
[WhiteElo "2233"]
[BlackElo "2336"]
[PlyCount "57"]
[EventDate "2007.09.29"]
[EventType "team-tourn"]
[EventRounds "7"]
[EventCountry "RUS"]
[SourceTitle "EXT 2022"]
[Source "ChessBase"]
[SourceDate "2021.10.06"]
[SourceVersion "1"]
[SourceVersionDate "2021.10.06"]
[SourceQuality "1"]

1. e4 c5 2. c3 d5 3. exd5 Qxd5 4. d4 Nf6 5. Nf3 Nc6 6. Be3 cxd4 7. cxd4 e6 8. a3 Be7 9. Nc3 Qd6 10. Bc4 0-0 11. 0-0 b6 12. d5 exd5 13. Nxd5 Nxd5 14. Qxd5 Qxd5 15. Bxd5 Bb7 16. Rac1 Rac8 17. Ne5 Nxe5 18. Bxb7 Rcd8 19. Ba6 Ng4 20. Bf4 Bf6 21. Rc2 Ne5 22. b3 Rfe8 23. Rc7 Ng6 24. Be3 Re7 25. Rxe7 Nxe7 26. Rc1 Nd5 27. Rc6 Nxe3 28. fxe3 Be5 29. Rc8 1/2-1/2

[Event "DV FR-chT"]
[Site "Vladivostok"]
[Date "2007.10.03"]
[Round "5"]
[White "Kharitonov, Egor"]
[Black "Prohodtcev, Pavel"]
[Result "1-0"]
[WhiteElo "2336"]
[BlackElo "2185"]
[PlyCount "106"]
[EventDate "2007.09.29"]
[EventType "team-tourn"]
[EventRounds "7"]
[EventCountry "RUS"]
[SourceTitle "EXT 2022"]
[Source "ChessBase"]
[SourceDate "2021.10.06"]
[SourceVersion "1"]
[SourceVersionDate "2021.10.06"]
[SourceQuality "1"]

1. c4 Nf6 2. Nc3 c5 3. Nf3 e6 4. g3 b6 5. Bg2 Bb7 6. 0-0 Be7 7. Re1 Ne4 8. Nxe4 Bxe4 9. d3 Bb7 10. e4 Nc6 11. d4 cxd4 12. Nxd4 Nxd4 13. Qxd4 0-0 14. b3 d6 15. Bb2 e5 16. Qd3 Qc7 17. a4 a6 18. a5 Bc6 19. axb6 Qxb6 20. Ba3 Rfd8 21. b4 Qb7 22. Bh3 h5 23. Rab1 h4 24. Bc1 g6 25. Bd2 Kg7 26. Bg2 Rh8 27. Bc3 hxg3 28. hxg3 f6 29. Bd2 Rh7 30. b5 Bd7 31. Qd5 Qxd5 32. exd5 axb5 33. cxb5 Rb8 34. b6 Bd8 35. Be3 Bf5 36. Rb2 Kf8 37. Ra1 Bc8 38. Bf1 Bb7 39. Ra5 f5 40. Bd3 Rf7 41. Ba6 Bxa6 42. Rxa6 Rfb7 43. f4 exf4 44. gxf4 Ke8 45. Kg2 Kd7 46. Kf3 Rc8 47. Ra7 Rcb8 48. Rh2 Kc8 49. Rh8 Kd7 50. Rg8 Kc8 51. Rxg6 Rd7 52. Rg8 Rbb7 53. Ra1 Rb8 1-0

[Event "DV FR-chT"]
[Site "Vladivostok"]
[Date "2007.09.30"]
[Round "2"]
[White "Pavlovskiy, Mikhail"]
[Black "Kharitonov, Egor"]
[Result "0-1"]
[WhiteElo "2209"]
[BlackElo "2336"]
[PlyCount "64"]
[EventDate "2007.09.29"]
[EventType "team-tourn"]
[EventRounds "7"]
[EventCountry "RUS"]
[SourceTitle "EXT 2022"]
[Source "ChessBase"]
[SourceDate "2021.10.06"]
[SourceVersion "1"]
[SourceVersionDate "2021.10.06"]
[SourceQuality "1"]

1. e4 c5 2. Nf3 e6 3. d4 cxd4 4. Nxd4 a6 5. Nc3 Qc7 6. g3 b5 7. Bg2 Bb7 8. 0-0 d6 9. Re1 Nd7 10. Nb3 Ngf6 11. Bf4 Be7 12. Qe2 0-0 13. Rad1 Rac8 14. a3 Ne5 15. Nd2 Nfd7 16. Ndb1 Rfd8 17. Be3 Nc4 18. Bc1 Bf6 19. b3 Ncb6 20. Bb2 Qb8 21. Rd2 Nc5 22. Red1 Ba8 23. Qe3 h6 24. Bc1 Qc7 25. f4 e5 26. Ne2 Ne6 27. Qf2 exf4 28. gxf4 a5 29. c3 a4 30. bxa4 bxa4 31. Nd4 Nxd4 32. cxd4 Qxc1 0-1

[Event "Chigorin Memorial 13th"]
[Site "St Petersburg"]
[Date "2005.10.23"]
[Round "9"]
[White "Vlassow, Valentin"]
[Black "Kharitonov, Egor"]
[Result "1-0"]
[WhiteElo "2379"]
[BlackElo "2217"]
[PlyCount "119"]
[EventDate "2005.10.15"]
[EventType "swiss"]
[EventRounds "9"]
[EventCountry "RUS"]
[SourceTitle "CBM 108 Extra"]
[Source "ChessBase"]
[SourceDate "2005.11.04"]
[SourceVersion "1"]
[SourceVersionDate "2005.11.04"]
[SourceQuality "1"]

1. e4 c5 2. Nf3 d6 3. Bb5+ Bd7 4. Bxd7+ Qxd7 5. 0-0 Nc6 6. c3 Nf6 7. Re1 e6 8. d4 cxd4 9. cxd4 Be7 10. Nc3 0-0 11. d5 Ne5 12. dxe6 fxe6 13. Nxe5 dxe5 14. Qxd7 Nxd7 15. Be3 Bb4 16. Red1 Nf6 17. Nb5 Nxe4 18. Nxa7 Nf6 19. a3 Be7 20. f3 e4 21. fxe4 Nxe4 22. Nb5 Bf6 23. Bd4 Rac8 24. Re1 e5 25. Bb6 Nc5 26. Nd6 Rc6 27. Bxc5 Rxc5 28. Rac1 Rd5 29. Ne4 Bd8 30. g3 Bb6+ 31. Kg2 Rd3 32. Rc3 Rd7 33. Re2 Bd4 34. Rc4 Rdf7 35. Rec2 Rf1 36. Rc8 Rb1 37. Rxf8+ Kxf8 38. Rc8+ Kf7 39. Rc7+ Kg6 40. Rxb7 Rxb2+ 41. Rxb2 Bxb2 42. a4 Kf5 43. Kf3 h5 44. Nd6+ Ke6 45. Nc4 Bd4 46. Ke4 h4 47. g4 h3 48. Nd2 Bb6 49. Nf3 Bc7 50. Ng5+ Kd6 51. Nxh3 Kc5 52. Ng5 Kd6 53. h4 g6 54. Nf3 Ke6 55. Nd2 Bd8 56. Nf3 Bc7 57. Ng5+ Kf6 58. Kd5 Bd8 59. Nf3 Kg7 60. Kxe5 1-0

[Event "RUS Summer U16 2nd"]
[Site "Satka"]
[Date "2005.07.06"]
[Round "9"]
[White "Kharitonov, Egor"]
[Black "Zacurdajev, Mikhail"]
[Result "1/2-1/2"]
[WhiteElo "2188"]
[BlackElo "2314"]
[PlyCount "44"]
[EventDate "2005.06.27"]
[EventType "swiss"]
[EventRounds "9"]
[EventCountry "RUS"]
[SourceTitle "CBM 107 Extra"]
[Source "ChessBase"]
[SourceDate "2005.09.01"]
[SourceVersion "1"]
[SourceVersionDate "2005.09.01"]
[SourceQuality "1"]

1. e4 c5 2. c3 e6 3. d4 d5 4. exd5 exd5 5. Bb5+ Nc6 6. Nf3 Bd6 7. 0-0 Nge7 8. dxc5 Bxc5 9. Nbd2 0-0 10. Nb3 Bb6 11. Bd3 h6 12. h3 Qd6 13. Be3 Bxe3 14. fxe3 Bf5 15. Nbd4 Bxd3 16. Qxd3 Rae8 17. Rae1 Ng6 18. Nf5 Qd8 19. b3 Nge5 20. Nxe5 Rxe5 21. Rf3 Ne7 22. Ref1 f6 1/2-1/2

[Event "RUS Summer U16 2nd"]
[Site "Satka"]
[Date "2005.06.28"]
[Round "2"]
[White "Kharitonov, Egor"]
[Black "Moskalenko, Alexander"]
[Result "1/2-1/2"]
[WhiteElo "2188"]
[BlackElo "2355"]
[PlyCount "69"]
[EventDate "2005.06.27"]
[EventType "swiss"]
[EventRounds "9"]
[EventCountry "RUS"]
[SourceTitle "CBM 107 Extra"]
[Source "ChessBase"]
[SourceDate "2005.09.01"]
[SourceVersion "1"]
[SourceVersionDate "2005.09.01"]
[SourceQuality "1"]

1. e4 c5 2. c3 d6 3. d4 Nf6 4. Bd3 g6 5. dxc5 dxc5 6. e5 Nd5 7. Be4 Nc7 8. Qxd8+ Kxd8 9. Be3 Ne6 10. f4 Kc7 11. Nf3 Bh6 12. g3 Bd7 13. c4 Nc6 14. Nc3 Rad8 15. Kf2 Rhf8 16. h4 f6 17. exf6 exf6 18. h5 Bg7 19. hxg6 hxg6 20. Rh7 f5 21. Bd5 Bd4 22. Bxe6 Bxe3+ 23. Kxe3 Rfe8 24. Ng5 Kb8 25. Rd1 Bxe6 26. Rxd8+ Nxd8 27. Kd3 Nc6 28. Nxe6 Nb4+ 29. Kd2 Rxe6 30. Nb5 Re8 31. Rxb7+ Kxb7 32. Nd6+ Kc6 33. Nxe8 Nxa2 34. Nf6 Kd6 35. Nd5 1/2-1/2

[Event "RUS-ch U14"]
[Site "Dagomys"]
[Date "2004.04.??"]
[Round "8"]
[White "Ajrapetian, Gevorg"]
[Black "Kharitonov, Egor"]
[Result "1/2-1/2"]
[WhiteElo "2119"]
[BlackElo "2087"]
[PlyCount "50"]
[EventDate "2004.04.??"]
[EventType "swiss"]
[EventRounds "10"]
[EventCountry "RUS"]
[SourceTitle "EXT 2005"]
[Source "ChessBase"]
[SourceDate "2004.11.15"]
[SourceVersion "1"]
[SourceVersionDate "2004.11.15"]
[SourceQuality "1"]

1. e4 c5 2. c3 e6 3. d4 d5 4. e5 Qb6 5. Nf3 Bd7 6. Be2 Bb5 7. c4 Bxc4 8. Bxc4 dxc4 9. d5 exd5 10. Qxd5 Ne7 11. Qe4 Qc6 12. Qxc4 b5 13. Qe2 Nd5 14. 0-0 Be7 15. e6 Qxe6 16. Qxb5+ Qc6 17. Qd3 0-0 18. Bg5 Nb4 19. Qc4 Bxg5 20. Nxg5 Qf6 21. Qxc5 N8a6 22. Qc1 Nd3 23. Qc3 Nxb2 24. Qxf6 gxf6 25. Ne4 f5 1/2-1/2

[Event "RUS-ch U14"]
[Site "Dagomys"]
[Date "2004.04.??"]
[Round "9"]
[White "Kharitonov, Egor"]
[Black "Levin, Evgeny A"]
[Result "1-0"]
[WhiteElo "2087"]
[BlackElo "2256"]
[PlyCount "59"]
[EventDate "2004.04.??"]
[EventType "swiss"]
[EventRounds "10"]
[EventCountry "RUS"]
[SourceTitle "EXT 2005"]
[Source "ChessBase"]
[SourceDate "2004.11.15"]
[SourceVersion "1"]
[SourceVersionDate "2004.11.15"]
[SourceQuality "1"]

1. d4 Nf6 2. g3 g6 3. Bg2 Bg7 4. c4 d6 5. Nf3 0-0 6. 0-0 Nc6 7. Nc3 Rb8 8. d5 Na5 9. Nd2 Nd7 10. Qc2 Ne5 11. b3 c6 12. Bb2 b5 13. dxc6 bxc4 14. Nd5 Naxc6 15. Nxc4 e6 16. Nxe5 Nxe5 17. Nf4 Ba6 18. Rfd1 Qb6 19. Bd4 Nf3+ 20. exf3 Bxd4 21. Rac1 Rbc8 22. Qd2 Rxc1 23. Rxc1 Rc8 24. Rxc8+ Bxc8 25. h4 Qc5 26. Nd3 Qb6 27. h5 Ba6 28. Ne1 Qc5 29. hxg6 hxg6 30. Bf1 1-0